<?xml version="1.0" encoding="UTF-8"?>
<marc:record xmlns:marc="http://www.loc.gov/MARC21/slim">
   <marc:leader>00000nam a2200000 a 4500</marc:leader>
   <marc:datafield ind1="1" ind2=" " tag="100">
      <marc:subfield code="a">Schoenwald, Sophie</marc:subfield>
      <marc:subfield code="4">aut</marc:subfield>
      <marc:subfield code="e">Verfasser/-in</marc:subfield>
   </marc:datafield>
   <marc:datafield ind1="1" ind2=" " tag="100">
      <marc:subfield code="a">Reitz, Nadine</marc:subfield>
   </marc:datafield>
   <marc:datafield ind1=" " ind2=" " tag="653">
      <marc:subfield code="a">Bilderbuch</marc:subfield>
   </marc:datafield>
   <marc:datafield ind1=" " ind2=" " tag="653">
      <marc:subfield code="a">Pappbilderbücher mit und ohne Zusatzteile, Fühlbilderbücher</marc:subfield>
   </marc:datafield>
   <marc:datafield ind1="0" ind2="0" tag="245">
      <marc:subfield code="a">Einmal ganz doll knuddeln</marc:subfield>
   </marc:datafield>
   <marc:datafield ind1="0" ind2="0" tag="245">
      <marc:subfield code="c">Schoenwald, Sophie</marc:subfield>
   </marc:datafield>
   <marc:datafield ind1=" " ind2="1" tag="264">
      <marc:subfield code="a">Köln</marc:subfield>
      <marc:subfield code="b">Boje</marc:subfield>
   </marc:datafield>
   <marc:datafield ind1="1" ind2=" " tag="520">
      <marc:subfield code="a">Ein süßes Pappbilderbuch zum Mitmachen für die Kleinen - zum Tippen, Schütteln und Kuscheln! &#xD;
&#xD;
Alle Schafe stehen auf der Wiese: das Schaf mit den Locken, das mit den rosafarbenen Hufen und das Schaf mit der schwarzen Wolle. Doch ein Schaf fehlt: Wo ist nur das kleine Lämmchen hin? Oje, es hat sich auf die andere Seite des Bachs verirrt und braucht deine Hilfe, um sicher zurück zu seiner Herde zu finden. Außerdem ist dem Lämmchen ganz kalt. Zum Glück geben die anderen Schafe etwas von ihrer Wolle ab. Mach mit und stricke dem Lämmchen einen wollig-weichen Schal und eine Mütze, die es wärmen. Einfach zum Knuddeln!&#xD;
&#xD;
Für Fans von EINMAL FESTE DRÜCKEN und SCHLAF SCHÖN, KLEINER IGEL</marc:subfield>
   </marc:datafield>
   <marc:datafield ind1=" " ind2=" " tag="020">
      <marc:subfield code="a">9783414826763</marc:subfield>
      <marc:subfield code="9">9783414826763</marc:subfield>
   </marc:datafield>
   <marc:datafield ind1=" " ind2=" " tag="020">
      <marc:subfield code="a">3414826763</marc:subfield>
      <marc:subfield code="9">3414826763</marc:subfield>
   </marc:datafield>
   <marc:datafield ind1=" " ind2=" " tag="041">
      <marc:subfield code="a">ger</marc:subfield>
   </marc:datafield>
   <marc:datafield ind1="1" ind2=" " tag="521">
      <marc:subfield code="a">Vorschulkind</marc:subfield>
   </marc:datafield>
   <marc:datafield ind1=" " ind2=" " tag="338">
      <marc:subfield code="a">Band</marc:subfield>
   </marc:datafield>
   <marc:datafield ind1=" " ind2=" " tag="300">
      <marc:subfield code="a">24 ungezählte Seiten</marc:subfield>
   </marc:datafield>
</marc:record>
